| 000 | 02860nam a2200349 a 4500 | ||
|---|---|---|---|
| 003 | OSt | ||
| 005 | 20250708142849.0 | ||
| 007 | cr ||||||a|a|a | ||
| 008 | 250624s2025 mx a|||fom||| 001 0 spa d | ||
| 040 | _erda | ||
| 100 | 1 |
_aRoblero López, Miguel Angel _9190512 |
|
| 245 | 1 | 0 |
_aEvaluación de fungicidas para el control del requemo (Phoma sp.) en el cultivo de café (Coffea arabica L.) en el triunfo, Escuintla, Chiapas/ _cpor Miguel Angel Roblero López; director de tesis Santos Gerardo Leyva Mir; secretario Moises Camacho Tapia; vocal Isabel Nativitas Lima; suplente Candelario Santillan Ortega; suplente Calixto Leopoldo Carrillo Fonseca. |
| 264 | 1 |
_aChapingo, México : _bEl autor, _c2024. |
|
| 300 |
_a1 recurso en línea (69 páginas): _bcuadros, figuras. |
||
| 336 |
_2rdacontent _atexto _btxt |
||
| 337 |
_2rdamedia _acomputadora _bc |
||
| 338 |
_2rdacarrier _arecurso en línea _bcr |
||
| 502 |
_bIAEPA _cParasitología _d2024. _gLIC |
||
| 504 | _aIncluye referencias bibliográficas: páginas 60-61. | ||
| 520 | _aEl café (Coffea arabica) en países como México cuenta con una muy buena calidad de taza apreciada por sus consumidores, llegando a tener alta demanda de exportación en los denominados cafés de especialidad. En Chiapas, estado con mayor producción del país se han observado en años recientes plantas con síntomas de requemo en hojas jóvenes. Por tal, el objetivo de la presente investigación fue determinar el agente causal del requemo del café detectado en plantas de predios pertenecientes a El Triunfo, Escuintla. Además de la creación de una escala de severidad para realizar evaluaciones en campo, así como la evaluación de fungicidas para el combate de esta enfermedad en campo. La identificación del patógeno se realizó a través de características como el color y textura de la colonia en medios de PDA, también con pruebas de patogenicidad utilizando los postulados de Koch, resultando en características típicas de Phoma sp. La escala diagramática de severidad consistió en 6 clases (0-5). Los fungicidas con mayor efectividad en el combate contra Phoma sp. fueron Boscalid + Pyraclostrobin (Cabrio C) y Clorotalonil (Daconil). | ||
| 650 | 4 |
_aPhoma _xControl _9190780 |
|
| 650 | 4 |
_aFungicidas _xAnálisis _944045 |
|
| 650 | 4 |
_aHongos fitopatógenos _xControl _9129457 |
|
| 650 | 4 |
_aCafé _xEnfermedades por hongos _917139 |
|
| 700 | 1 |
_aLeyva Mir, Santos Gerardo _edirector de tesis. _966581 |
|
| 700 | 1 |
_aCamacho Tapia, Moises _917710 _esecretario. |
|
| 700 | 1 |
_aNativitas Lima, Isabel _9129577 _evocal. |
|
| 700 | 1 |
_aSantillán Ortega, Candelario _9102429 _esuplente. |
|
| 700 | 1 |
_aCarrillo Fonseca, Calixto Leopoldo _esuplente. _919482 |
|
| 856 |
_uhttp://10.13.5.2/tesis/tl/1712264-1_ROBLERO_LOPEZ_MIGUELANGEL.pdf _zDESCARGAR PDF |
||
| 942 |
_2Clasificación Universidad Autónoma Chapingo _cTD |
||
| 999 |
_c220685 _d220685 |
||